00645 2200229 4500001002100000005001700021008004100038020001800079035002400097040001200121082000800133090001400141100002500155245006300180250001100243260004500254300003500299650003300334850001200367990001800379990001800397YOGYA-0412000000069820120429192727.0 ind  a979-961-968-8 0010-041200000000698 aYOPDYOG a819 a819 Had T aHADIPRAYITNO, Kasidi aTeori estetika untuk seni pedalangancKasidi Hadiprayitno. aCet.1. aYogyakartabLembaga Penelitian ISIc2004 aviii, 150 hlm.c20 cm (2 eks.) aKesusastraan Jawa-pedalangan aYOPDYOG a12918/PD/A.06 a12919-PD/A.06